00643nam a2200193 i 4500001000700000003000900007005001700016007000300033008004100036100004300077245010200120260006200222300002000284500004700304700001900351700001800370710004000388852002100428100782ES-MaACL20251011063120.0t|051005s1958 sp ||||1| spa d1 aMatilla Tascón, Antonio, d1914-200110aCatálogo de la Biblioteca Central / cpor Antonio Matilla Tascón, Carmen Nieto y Elisa Parra. aMadrid : bFábrica Nacional de Moneda y Timbre, c1958. a1 v. ; c24 cm. aPrecede al tít.: Ministerio de Hacienda.1 aNieto, Carmen.1 aParra, Elisa.1 aEspaña. bMinisterio de Hacienda. aES-MaACLjE-3972